[Event "FRA-chT4 0809"]
[Site "France "]
[Date "2009.01.18"]
[Round "4.7"]
[White "Grard, Alain"]
[Black "Lecoultre, Patrick"]
[Result "1-0"]
[WhiteElo "1670"]
[BlackElo "1745"]
[PlyCount "139"]
[EventDate "2008.10.??"]
[EventType "team-tourn"]
[EventRounds "9"]
[EventCountry "FRA"]
[SourceTitle "EXT 2010"]
[Source "ChessBase"]
[SourceDate "2010.11.25"]
[SourceVersion "1"]
[SourceVersionDate "2010.11.25"]
[SourceQuality "1"]

1. e4 c5 2. c3 d5 3. exd5 Qxd5 4. d4 Qe4+ 5. Qe2 Qxe2+ 6. Nxe2 e6 7. g3 Nc6 8. Be3 cxd4 9. Nxd4 Nxd4 10. Bxd4 Ne7 11. Bg2 Nf5 12. 0-0 Nxd4 13. cxd4 g6 14. d5 Bg7 15. Nc3 Bxc3 16. bxc3 exd5 17. Rfe1+ Kf8 18. Bxd5 Rb8 19. Re3 b6 20. Rae1 Bb7 21. Bb3 Kg7 22. Re7 Rhf8 23. Rc7 Bf3 24. Ree7 Ba8 25. Rxf7+ Rxf7 26. Rxf7+ Kh6 27. Rxa7 Re8 28. Kf1 Be4 29. Rd7 Bf3 30. c4 Be2+ 31. Kg2 b5 32. cxb5 Bxb5 33. Rd2 Bc6+ 34. f3 Re7 35. Kf2 Bb7 36. a4 Ba6 37. Bc2 Rb7 38. Ke3 Re7+ 39. Be4 Rc7 40. Bd3 Re7+ 41. Be4 Rc7 42. h3 Rc3+ 43. Kf2 Ra3 44. Bc6 Rc3 45. Be4 Ra3 46. Rd4 Ra2+ 47. Ke3 Rg2 48. Rd6 Bc8 49. g4 Rh2 50. Rd8 Ba6 51. Bd3 Bb7 52. Rb8 Bc6 53. a5 Rxh3 54. Be4 Bd7 55. Kd4 Rh1 56. a6 Ra1 57. Bb7 Bb5 58. Ra8 Kg5 59. Kc5 Be2 60. Kb6 Rb1+ 61. Ka7 h5 62. Be4 Ra1 63. Bb7 h4 64. Rh8 Ra3 65. Rf8 Ra1 66. Bc8 Ra3 67. f4+ Kh6 68. Rh8+ Kg7 69. Rxh4 Ra4 70. g5 1-0